| 000 | 00622nam a22001817a 4500 | ||
|---|---|---|---|
| 005 | 20260318151125.0 | ||
| 010 | _aENG-147921 | ||
| 020 |
_a9878818633328 _c410.00 |
||
| 035 | _aEN-131453 | ||
| 037 | _bDBAD | ||
| 082 |
_a181.43 _21 |
||
| 100 |
_aSaraswati , Swami Satyasangananda _988593 |
||
| 245 |
_aSri Vijnana Bhairava Tantra; _bThe Ascent/ _cSwami Satyasangananda Saraswati _hEnglish |
||
| 260 |
_aBihar _bYoga Publications Trust, _c2013 |
||
| 270 |
_bBihar _aYoga Publications Trust , Ganga Darshan, Munger, Bihar, India _e811201 |
||
| 300 |
_a499pbk. _c22 cm |
||
| 942 |
_2ddc _cEN _mSAR _h181.43 _e1 |
||
| 999 |
_c215623 _d215623 |
||